[Event "EU-Cup 27th"]
[Site "Rogaska Slatina"]
[Date "2011.09.30"]
[Round "6"]
[White "Korobov, Anton"]
[Black "Nepomniachtchi, Ian"]
[Result "0-1"]
[WhiteElo "2671"]
[BlackElo "2718"]
[Annotator "Krasenkow,M"]
[PlyCount "94"]
[EventDate "2011.09.25"]
[EventType "team-swiss"]
[EventRounds "7"]
[EventCountry "SLO"]
[SourceTitle "CBM 145"]
[Source "ChessBase"]
[SourceDate "2011.11.11"]
[SourceVersion "1"]
[SourceVersionDate "2011.11.11"]
[SourceQuality "1"]
[WhiteTeam "DAN DZO & PGMB"]
[BlackTeam "Saratov Ekonomist"]
[WhiteTeamCountry "UKR"]
[BlackTeamCountry "RUS"]

1. d4 Nf6 2. c4 g6 3. Nc3 d5 4. cxd5 Nxd5 5. e4 Nxc3 6. bxc3 Bg7 7. Bc4 c5 8.
Ne2 Nc6 9. Be3 O-O 10. O-O Qc7 11. Rc1 b6 12. Qd2 Bb7 {I would not recommend
this mixture of the ...Qd8-c7 and ...b7-b6 systems.} 13. Bh6 Rad8 (13... e6 14.
Bxg7 Kxg7 15. Qe3 Rac8 16. h4 Qe7 17. Qg3 cxd4 18. cxd4 e5 19. d5 Na5 20. Bd3
Rxc1 21. Rxc1 Rc8 22. Rf1 Nc4 23. f4 $36 {1-0 Lekic,D (2397)-Dulic,G (2269)/
Bol CRO 2011/The Week in Chess 880 (41)}) (13... Na5 14. Bd3 e5 15. Bxg7 Kxg7
16. f4 f5 17. fxe5 fxe4 18. Bb1 Qe7 19. Ng3 Qh4 20. Rce1 cxd4 21. cxd4 Rxf1+
22. Rxf1 Rd8 23. Qf2 Bd5 24. Nf5+ {1-0 Kula,R (2400)-Markowski,D (2270)/
Koszalin 1996/EXT 1999}) 14. Bxg7 (14. Rfd1 {should rather be avoided as this
rook is more useful on f1, supporting f2-f4. Still, Black failed to fully
equalise in the following game:} Na5 (14... a6 15. Bxg7 Kxg7 16. Qe3 b5 17. Bb3
c4 18. Bc2 e6 {0-1 Timoshenko,G (2540)-Conquest,S (2465)/Vrnjacka Banja 1990/
EXT 1997 (42)} 19. a4 $36) 15. Bd3 e5 16. Bxg7 Kxg7 17. Qe3 Rfe8 18. Ng3 f6 19.
h4 Bc8 20. h5 Nb7 21. Bb5 Rf8 22. Ba6 Nd6 23. Bxc8 Nxc8 24. dxe5 Qxe5 25. f4
$14 {0-1 Liang Chong (2505)-Bu Xiangzhi (2656)/Shandong 2007/CBM 118 ext (53)})
(14. Qg5 $5 {[%cal Ye2g3]} Na5 15. Bxg7 Kxg7 16. Bd3 f6 17. Qh4 g5 (17... e5
18. f4 Nc6 19. d5 Ne7 20. Rf3 $36 {[%cal Yc1f1]}) 18. Qh5 e5 19. Ng3 Bc8 20. d5
Nb7 21. Ba6 Nd6 22. Bxc8 Rxc8 23. Qg4 $14 {1/2 Gligoric,S-Razuvaev,Y/Ljubljana/
Portoroz 1973/EXT 1998 (45)}) 14... Kxg7 15. Qe3 {Too modest, in my opinion.} (
15. f4 $5 Qd7 (15... cxd4 16. cxd4 Qd6 {0-1 Abel,D (2418)-Petr,M (2523)/
Pardubice CZE 2011/The Week in Chess 873 (76)} 17. d5 $36) 16. Bb5 (16. Rcd1 $5
$14) 16... Qe6 17. f5 $1 Qd6 (17... Qxe4 18. Rf4 Qd5 19. Rh4 h5 20. Rxh5 gxh5
21. Qg5+ Kh7 22. Nf4 Qd6 23. f6 $1 $18) 18. Bxc6 Bxc6 19. d5 Bd7 20. c4 $14 {
0-1 Vachier Lagrave,M (2722)-Morozevich,A (2694)/Biel SUI 2011/The Week in
Chess 872 (41)}) 15... e5 16. Bd5 (16. d5 $143 Ne7 17. Ng3 f6 18. h4 Nc8 19.
Bd3 Nd6 20. f4 exf4 21. Qxf4 Qe7 22. Rf2 Qe5 $11 {1/2 Fier,A (2571)-Caruana,F 
(2721)/Caleta 2011/CBM 141 (47)}) (16. Bb5 Na5 17. Ng3 Qe7 18. dxe5 Qxe5 19. f4
(19. Rfd1 Qe7 20. Qf4 Nc6 21. Be2 Rxd1+ 22. Rxd1 Rd8 23. Rxd8 Qxd8 24. h4 Qf6
25. Qxf6+ Kxf6 26. f4 Ke7 $11 {1/2 Averbakh,Y-Botvinnik,M/Moscow 1956/EXT 2001
(31)}) 19... Qd6 20. Rfd1 Qxd1+ 21. Rxd1 Rxd1+ 22. Kf2 Nc6 23. Bxc6 Bxc6 24. f5
Rfd8 25. Qg5 R1d6 26. Nh5+ Kf8 27. Nf6 Kg7 28. Nh5+ Kf8 29. Nf6 Kg7 30. Nh5+ {
1/2 Renet,O (2498)-Vachier Lagrave,M (2595)/Aix les Bains 2007/CBM 120}) (16.
Qg3 Qe7 17. d5 Na5 18. Bb3 Bc8 19. c4 Nb7 20. Qc3 Nd6 21. f3 Kg8 22. Rce1 f6
23. Nc1 g5 24. Nd3 Rf7 25. Rf2 Rg7 26. Bd1 Ba6 27. Bb3 Bc8 28. Bd1 Ba6 29. Bb3
{1/2 Feller,S (2668)-Dominguez Perez,L (2710)/Lubbock USA 2011/The Week in
Chess 885}) 16... Na5 17. Bxb7 Qxb7 (17... Nxb7 18. f4 f6 19. f5 $5 $36) 18. f4
$6 {A logical continuation but Black obtains sufficient counterplay in time.} (
18. Ng3 Qe7 19. Rfd1 h5 20. dxe5 Nc4 21. Qe2 Nxe5 22. f4 Ng4 23. h3 Nh6 24. Qf3
Rxd1+ 25. Rxd1 Rd8 $11 {0-1 Kindermann,S (2500)-Hort,V (2590)/Germany 1988/
GER-chT (52)}) (18. d5 $5 Nc4 19. Qd3 b5 (19... Nd6 $142) 20. a4 a6 21. Rb1 Qd7
22. Ng3 Rb8 23. axb5 axb5 24. f4 f6 25. f5 Ra8 26. h4 Ra2 27. fxg6 hxg6 28. h5
$40 {1-0 Zilka,S (2517)-Heimann,A (2485)/Merlimont FRA 2011/The Week in Chess
884 (33)}) 18... exd4 19. cxd4 Rfe8 20. e5 cxd4 21. Nxd4 Qd5 (21... b5 $142 $1
{[%cal Ya5c4,Yb7b6]} 22. Rfd1 (22. f5 {doesn't work due to} Qb6 $1 23. Rcd1 Nc4
24. f6+ Kh8 25. Qh6 Rg8 26. Rf4 $2 (26. Rf3 $2 Rxd4) 26... g5 $1) 22... Nc4 23.
Qf2 Rd5 $15) 22. Nf3 (22. Rcd1 Qc5 23. Qf2 (23. f5 $2 Nc6 $1) 23... Nc6 $11)
22... Nc4 23. Qf2 h6 $6 (23... Nd2 $5 $11) 24. Rfe1 Rd7 25. h4 b5 26. h5 Qe6
27. Red1 $6 {White wrongly simplifies the game when he has finally got
attacking chances:} (27. hxg6 fxg6 (27... Qxg6 28. a4 a6 29. axb5 axb5 30. Nd4)
28. Nd4 Qb6 29. Rcd1 Red8 30. Re4 $40 {[%cal Ye5e6]}) 27... Red8 28. Rxd7 Rxd7
29. hxg6 Qxg6 30. a4 Qg4 (30... a6 31. axb5 axb5 32. Nd4 Kg8 $13) 31. Qh4 Qxh4
32. Nxh4 {[%mdl 4096]} a6 33. axb5 axb5 34. Kf2 (34. Rb1 Rb7 35. Kf2 b4 36. Ke2
b3 37. Kd3 Na5 38. Nf5+ Kg6 39. Nd6 Rc7 40. g4 Nb7 $11) 34... h5 35. Kf3 Rc7
36. Ra1 b4 37. Nf5+ Kh7 38. Ne3 (38. Nd6 $5 b3 39. Ke2 $11) 38... b3 39. Nxc4
Rxc4 40. Rb1 Rb4 41. g4 hxg4+ (41... h4 42. Rb2 $11) 42. Kxg4 Kg7 (42... Kg6
43. Rb2 $22 $11) 43. Kg5 (43. Rb2 $2 {loses in an instructive way:} Kg6 $22 44.
Kf3 Kf5 45. Ke3 (45. Kg3 Ke4 46. Kg4 Kd3 47. Kg5 Kc3 48. Rb1 b2 49. f5 Rb6 $1
50. Re1 Kd4 51. e6 fxe6 52. fxe6 Rxe6 $19) 45... Rb8 46. Kf3 Rb7 47. Ke3 Rb4
48. Kd3 Kxf4 49. Kc3 Rb8 50. Kd4 Kf5 51. Kd5 Rd8+ 52. Kc4 Kxe5 53. Rxb3 Ke4 $19
) 43... b2 44. f5 $4 {[%mdl 8192] A sudden blunder.} (44. Kf5 $11) 44... f6+ $1
45. Kh5 (45. exf6+ Kf7 $22 $19) 45... fxe5 46. Kg5 Kf7 47. f6 e4 0-1

[Event "London Classic 10th"]
[Site "London"]
[Date "2018.12.15"]
[Round "2.1"]
[White "Nakamura, Hikaru"]
[Black "Vachier Lagrave, Maxime"]
[Result "1/2-1/2"]
[WhiteElo "2746"]
[BlackElo "2781"]
[Annotator "Krasenkow,M"]
[PlyCount "100"]
[EventDate "2018.12.11"]
[EventType "k.o."]
[EventRounds "2"]
[EventCountry "ENG"]
[SourceTitle "CBM 188"]
[Source "ChessBase"]
[SourceDate "2018.12.21"]
[SourceVersion "1"]
[SourceVersionDate "2018.12.21"]
[SourceQuality "1"]

1. d4 Nf6 2. c4 g6 3. Nc3 d5 4. cxd5 Nxd5 5. e4 Nxc3 6. bxc3 Bg7 7. Bc4 c5 8.
Ne2 Nc6 9. Be3 O-O 10. O-O b6 11. Rc1 Bb7 12. Qd2 e6 13. Rfd1 Rc8 14. f3 {
White plays a very passive and harmless system against Black's setup (...b6, ..
.e6).} (14. Bh6 {doesn't promise much either but that is at least more
principled (see CBM 156, game Le Quang Liem - Grischuk).}) 14... cxd4 15. cxd4
Qd6 $1 16. Bh6 {A bit too late. Black successfully creates counterplay now.} (
16. h4 Rfd8 $1 (16... Qb4 17. Qxb4 Nxb4 {0-1 (52) Salem,A (2656)-Grischuk,A 
(2737) Doha 2016 CBM 186 [Papp,Petra]} 18. Kf2 Rfd8 19. g4 $14 {P.Papp}) 17.
Bg5 Rd7 18. d5 Ne5 19. Bb5 Rxc1 20. Rxc1 Rc7 $11 {P.Papp}) (16. Bf4 e5 $1 17.
dxe5 Qxd2 18. Rxd2 Nxe5 $11) 16... Bxh6 17. Qxh6 Na5 18. Bd3 Rxc1 19. Qxc1 Rc8
20. Qd2 (20. Qg5 Nc6 21. Qe3 Qa3 $1 {[%cal Rc6b4]} 22. Qd2 Nb4 23. Bb1 Ba6 $15
{0-1 (50) Gaifullin,A (2405)-Kokarev,D (2620) Sochi 2017}) 20... e5 (20... Nc4
21. Bxc4 Rxc4 22. h4 $132) 21. d5 Nc4 22. Bxc4 Rxc4 23. Qe3 $6 ({Challenging
Black on the c-file was a better option:} 23. Rc1 $5 Qc5+ 24. Kh1 {Chesspro.ru}
) 23... Rc2 24. a3 Ba6 (24... Ra2 $5 25. Rd3 Ba6 26. Nc1 $8 Bxd3 27. Nxa2 Qxa3
28. Nc1 Qa1 29. Qxd3 Qxc1+ 30. Kf2 {- White's protected passed pawn should
save his day.}) 25. Ng3 Qc5 26. Qxc5 Rxc5 $15 {[%mdl 4096]} 27. d6 $6 {This
pawn becomes weak.} (27. Nf1 {was more accurate}) 27... Rc8 28. a4 ({The rook
endgame after} 28. Nf1 Bxf1 29. Kxf1 Kg7 {[%cal Yg7f6,Yf6e6] is very dangerous
for White, of course. However, with minor pieces on the board, it looks gloomy
for him, too.}) 28... Bc4 29. a5 bxa5 30. d7 Rd8 31. Rc1 Be6 32. Ra1 Rxd7 33.
Rxa5 f6 34. Nf1 Rd1 35. Kf2 a6 36. Ne3 $2 {White should have created
counterplay immediately:} (36. g4 {[%cal Yh2h4,Yg4g5]}) 36... Rd2+ 37. Kg1 Rd6
$2 {Black misses his chance at this moment:} (37... Ra2 $1 {, and he should
win after freeing his a-pawn, whether White trades the rooks or not.}) 38. h4
Kf7 39. g4 Bd7 40. g5 Bb5 41. Kf2 Ke6 42. gxf6 Kxf6 43. Nd5+ Kf7 44. Nc7 Rb6
45. Ke3 {Black can't make any progress.} h6 46. Kf2 h5 47. Kg3 Be2 48. Kf2 Bb5
49. Kg3 Be2 50. Kf2 Bb5 1/2-1/2

[Event "Poikovsky Karpov 06th"]
[Site "Poikovsky"]
[Date "2005.03.03"]
[Round "5"]
[White "Onischuk, Alexander"]
[Black "Grischuk, Alexander"]
[Result "1/2-1/2"]
[WhiteElo "2652"]
[BlackElo "2710"]
[Annotator "Krasenkow,M"]
[PlyCount "95"]
[EventDate "2005.02.26"]
[EventType "tourn"]
[EventRounds "9"]
[EventCountry "RUS"]
[EventCategory "18"]
[SourceTitle "CBM 106"]
[Source "ChessBase"]
[SourceDate "2005.06.06"]
[SourceVersion "1"]
[SourceVersionDate "2005.06.06"]
[SourceQuality "1"]

1. d4 Nf6 2. c4 g6 3. Nc3 d5 4. cxd5 Nxd5 5. e4 Nxc3 6. bxc3 Bg7 7. Bc4 c5 8.
Ne2 Nc6 9. Be3 O-O 10. O-O Bg4 11. f3 Na5 12. Bxf7+ Rxf7 13. fxg4 Rxf1+ 14.
Kxf1 Qd6 15. e5 Qd5 16. g5 {This line was very popular at the beginning of the
90s - see model games Beliavsky-Kasparov in CBM28 and L.Hansen-Ernst in CBM30.
White's idea is to "wall up" the g7 bishop: now, when the White bishop
retreats to f2, his black counterpart will not be able to come out to h6.
However, Black has enough time to create counterplay with the remaining pieces.
} Qe4 17. Bf2 Rf8 18. Ng1 (18. Kg1 Qf5 19. Be3 Qe4 $5 {Ftacnik}) 18... Nc4 19.
Nf3 Ne3+ 20. Bxe3 Qxe3 {[%cal Re3c3,Re3g5]} 21. Qb3+ Kh8 22. Re1 (22. Qxb7 cxd4
23. cxd4 Qxd4 $10 {Ftacnik}) 22... Qxg5 (22... Rxf3+ {was considered
insufficient for a draw after the mentioned game Hansen-Ernst; however, a
recent correspondence game has shown that the exchange sacrifice is quite
possible:} 23. gxf3 Qxf3+ 24. Kg1 Qg4+ 25. Kf2 Qf4+ (25... Qxg5 $2 26. Qxb7 Bh6
27. Qe4 Qd2+ 28. Re2 Qxc3 29. d5 Bg5 30. Kg2 Kg7 31. h4 {1-0 Volke,K-Voekler,B/
Germany 1993/GER-chT}) 26. Ke2 cxd4 27. cxd4 Qxd4 28. Qf7 (28. Qxb7 Qxe5+ 29.
Kd1 Qd4+ 30. Kc2 Qc3+ $10) (28. Qd3 Qg4+ $1 29. Kf2 Qf4+ 30. Kg2 Qxg5+ 31. Kh1
Bxe5 $10) (28. Kf3 Qh4 $1 (28... Bxe5 29. Qe3 Qd5+ 30. Qe4 Qxe4+ (30... Qf7+
31. Kg2 Bd6 $14) 31. Rxe4 Bd6 $14 {Ftacnik}) 29. Qe6 h6 30. gxh6 Qxe1 31. hxg7+
Kxg7 32. Qxe7+ Kh6 33. Qf8+ Kh7 34. Qe7+ (34. Qf7+ Kh6 35. e6 Qf1+ 36. Ke4 Qxf7
37. exf7 Kg7 38. Ke5 Kxf7 39. Kd6 Kf6 40. Kc7 b5 41. Kb7 Kf5 42. Kxa7 Kg4 43.
Kb6 Kh3 44. Kxb5 Kxh2 45. a4 g5 $10) 34... Kh6 35. e6 Qc3+ 36. Ke4 Qc4+ 37. Ke5
Qb5+ 38. Kd6 Qc6+ 39. Ke5 Qb5+ 40. Kd4 {1/2-1/2 Hansen,L-Ernst,T/Haninge 1992/
CBM 030/[Ernst]}) 28... Qxe5+ 29. Kf3 $1 (29. Kf1 Qb5+ 30. Re2 Qc6 $132) 29...
Qc3+ 30. Re3 Qc6+ 31. Re4 Qb5 (31... e5 $5) 32. Kf2 (32. Rxe7 Qf1+ 33. Kg3 Be5+
$1 {the point of Black's defense!} 34. Kh4 Qe1+ 35. Kh3 Qe3+ 36. Kg2 Qd2+ $11)
32... Qc5+ 33. Kf3 {1/2-1/2 Sanchez Rodenas,A-Walter,M/ICCF Email 2001/ICCF
Telchess CBM 96}) 23. Qxb7 Qd2 24. Qxe7 ({After} 24. dxc5 Qxc3 25. Qd5 (25. c6
Rxf3+ 26. gxf3 Qxf3+ $10) 25... Bh6 {Black's counterplay is enough for a draw:}
26. c6 Bf4 27. Re4 (27. Kg1 $4 Qxe1+ $1 28. Nxe1 Be3+ 29. Kh1 Rf1#) 27... Qc1+
(27... Bxh2 $5 28. Qc4 Qb2) 28. Re1 Qc3 29. Re4 {1/2-1/2 Beliavsky,A-Kasparov,
G/Linares 1992/CBM 028/[Ftacnik]}) (24. Qb3 $6 cxd4 25. cxd4 Qxd4) 24... Qxc3 (
24... Qd3+ {apparently doesn't work in view of} 25. Kf2 $5 (25. Re2 $143 cxd4
26. cxd4 Qd1+ 27. Re1 Rxf3+ 28. gxf3 Qxf3+ 29. Kg1 Qg4+ 30. Kh1 Qf3+ 31. Kg1
Qg4+ {1/2-1/2 Horvath,C-Tolnai,T/Kecskemet 1992/EXT 98}) (25. Kg1 Qxc3 {
[%cal Oc5d4,Ce7a7,Rf8f3]}) 25... cxd4 26. cxd4 Qxd4+ 27. Kf1 Qd3+ 28. Kg1 $18)
25. Qb7 ({GM L.Ftacnik recommends} 25. Qh4 $1 cxd4 26. e6 $1 {In my opinion,
Black should hold on by accurate play as he has his own passed pawn. Here is a
possible continuation:} Re8 {[%cal Cf3g5,Ch4h7,Yd4d3]} (26... Kg8 $5) (26... d3
$143 27. e7 Re8 28. Qa4 $1) 27. Ng5 h6 28. Nf7+ Kh7 29. Nd6 Rf8+ 30. Kg1 d3 31.
e7 d2 32. exf8=N+ Bxf8 33. Rd1 Qc2 $1 (33... Bxd6 34. Qe4 $14) 34. Qg4 Bxd6 {
with a probable draw}) 25... Qc4+ 26. Kg1 Qc3 27. Qe4 cxd4 28. Rd1 {This leads
to simplifications.} (28. e6 $5 {was still more creative, although the queen
is less active on e4 than on h4.}) 28... Re8 {Black boldly goes for a rook
ending a pawn down, correctly evaluating it as drawn.} ({The endgame after} 
28... Qe3+ 29. Qxe3 dxe3 30. h4 $5 {[%cal Yg1f1,Yf1e2,Yd1d5] is slightly
preferable for White as his passed pawn is more dangerous.} (30. Rd5 $143 g5 $1
)) 29. Qxd4 (29. Kh1 $5 {was the last chance to play on.}) 29... Qxd4+ 30. Rxd4
Bxe5 31. Nxe5 Rxe5 32. Rd8+ Kg7 33. Rd7+ Kf6 34. Rxa7 Re2 {[%mdl 4096] The
black rook takes an ideal position.} 35. Ra4 g5 36. h3 Rc2 37. Kh2 h5 38. Ra6+
Kg7 39. Ra3 h4 {Black's general defensive plan is usual for such positions: if
the white king comes out of the corner to the queen's side, Black grabs
something on the kingside (one or two pawns) to create his own passed pawn(s),
which could secure him a draw, should he be forced to give up his rook for the
white a-pawn. The only way for White to tie up the black rook (preventing it
from capturing the white pawns) is to put his own rook to a8 and pawn to a7
before the king march; then, however, the white rook will not be able to get
out of the corner as the black rook will drive the white king away with checks.
An important thing in such case is whether the white king can go to the other
side and successfully attack the black pawns there (g5 in our case). Well, the
white king can always reach the f5 square (setting a Ke6-Ra5 zugzwang if
necessary). Now imagine the position arising (Kf5,Ra8,pp.a7,g2,h3-Kg7,Ra6,pp.
g5,h4). Black can now defend passively: 1...Ra5+ 2.Kg4 Kh7 3.Kh5 Kg7 4.Rb8 
(what else?) 4...Rxa7 5.Rb5 (5.Kxg5? Ra2) 5...Kf6 6.Rxg5 Rh7+ 7.Kg4 Ke6! 8.Rh5
Rg7+ 9.Kf3 Rf7+ 10.Ke3 Rg7 with a theoretically drawn position. There is,
however, a simpler way: 1...Ra2! as 2.Kxg5 Rxg2+ 3.Kxh4 leads to an obvious
draw. Black has another defensive plan: while White is moving his a-pawn
forward, Black puts his rook on a1 and plays Kg7-h7-g7. Then the only chance
for White to free his king is g2-g4. Black takes en passant and all the
problems mentioned above don't exist anymore. The conclusion is: Black has
several ways to reach a draw in this endgame.} 40. Kg1 {The white king tries
to come out immediately but Black can always bother it with checks.} Kh7 41.
Ra6 Rc1+ 42. Kf2 Rc2+ 43. Kf3 Rc3+ 44. Kg4 Rg3+ 45. Kh5 Rxg2 46. a4 Rg3 47.
Rh6+ Kg7 48. Rg6+ 1/2-1/2

[Event "Nanjing Pearl Spring 2nd"]
[Site "Nanjing"]
[Date "2009.10.08"]
[Round "9"]
[White "Radjabov, Teimour"]
[Black "Carlsen, Magnus"]
[Result "1/2-1/2"]
[WhiteElo "2757"]
[BlackElo "2772"]
[Annotator "Krasenkow,M"]
[PlyCount "68"]
[EventDate "2009.09.28"]
[EventType "tourn"]
[EventRounds "10"]
[EventCountry "CHN"]
[EventCategory "21"]
[SourceTitle "CBM 133"]
[Source "ChessBase"]
[SourceDate "2009.11.19"]
[SourceVersion "1"]
[SourceVersionDate "2009.11.19"]
[SourceQuality "1"]

1. d4 Nf6 2. c4 g6 3. Nc3 d5 4. cxd5 Nxd5 5. e4 Nxc3 6. bxc3 Bg7 7. Bc4 c5 8.
Ne2 Nc6 9. Be3 O-O 10. O-O Qc7 11. Rc1 Rd8 12. h3 {A relatively rare move, Did
White want to avoid} (12. Bf4 Be5 $5 {?}) 12... a6 (12... b6 {is usually
played. Other options are}) (12... e6 {and}) (12... Na5) 13. Bf4 $146 {Or else:
} (13. f4 b5 14. Bb3 (14. Bd3 e6 15. f5 exf5 16. exf5 c4 17. Bb1 Re8 18. Bf4
Qd8 19. fxg6 hxg6 20. Ng3 Bb7 21. Qg4 b4 $132 {0-1 Gontcharov,V (2359)-Valdes,
L (2365)/Dos Hermanas 2004/CBM 099 ext (45)}) 14... Na5 15. f5 Nxb3 16. Qxb3
gxf5 17. exf5 Bb7 18. Rf4 Bd5 19. Qc2 Kh8 $13 {1-0 Alexandrova,O (2400)-Sulypa,
A (2449)/Alushta 2000/CBM 075 ext (39)}) (13. Bb3 b5 (13... Na5 $143 14. Bf4
Qd7 15. dxc5 Nxb3 16. axb3 a5 17. Qc2 Qb5 18. Be3 a4 19. bxa4 Rxa4 20. Rfd1 Re8
21. Nd4 $14 {1/2 Gligoric,S (2575)-Hort,V (2600)/Siegen 1970/EXT 2002 (25)})
14. Qe1 e6 15. f4 c4 16. Bc2 f5 $1 17. g4 Ne7 18. Ng3 a5 $132 {0-1 Berta,K 
(2205)-Feher,G (2445)/Budapest 1998/EXT 2002 (49)}) 13... Qa5 $1 ({Now} 13...
Be5 {is rather senseless due to} 14. Bxe5 Nxe5 15. Bb3 Bxh3 $6 (15... Ng4 {
is impossible!}) 16. f4) (13... Qd7 14. dxc5 $5) 14. Qb3 e6 15. a4 {White
finds nothing better than this pawn sacrifice, with the hope of being able to
use his development advantage. However, Black equalizes without any problems.}
(15. d5 b5 $1 {(without 12.h3 a6 this would be impossible)} 16. dxc6 bxc4 17.
Qxc4 e5 {[%cal Rc8e6]} 18. Be3 Be6 19. Qxc5 Qxc5 20. Bxc5 Rdc8 $44) 15... cxd4
16. cxd4 Nxd4 17. Nxd4 Rxd4 18. Be3 $5 Rd6 {Black doesn't dare to take the
second pawn:} (18... Rxe4 19. Qd3 (19. Rfd1 Bf6) (19. Bb6 Qg5) 19... Rh4 (19...
Re5 $6 20. Rfd1 Bf6 21. Bd4) 20. Rfd1 ({White can force a draw by means of} 20.
Bd2 Qb6 21. Be3 Qa5 ({but not} 21... Bd4 $6 22. a5 Qa7 $2 23. g3 $1 Bxe3 24.
fxe3 $18 {[%cal Rd3d8,Rd8f6,Rg3h4]})) 20... Bf6 21. Bb3 $44 {[%csl Ra8,Gc1,Rc8,
Gd1,Rh4]}) 19. Rfd1 Rxd1+ 20. Rxd1 b5 $1 {The simplest. Black gives the pawn
back liquidating into a drawish endgame.} 21. axb5 axb5 22. Qxb5 Qxb5 23. Rd8+
Bf8 24. Bxb5 Bb7 25. Rxa8 Bxa8 26. f3 f5 27. Bd3 fxe4 28. Bxe4 Bxe4 29. fxe4
Kf7 30. Kf1 h5 31. Kg1 Bd6 32. Kf1 Bf8 33. Kg1 Bd6 34. Kf1 Bf8 1/2-1/2

[Event "EU-Cup 20th"]
[Site "Izmir"]
[Date "2004.10.09"]
[Round "7.3"]
[White "Sakaev, Konstantin"]
[Black "Avrukh, Boris"]
[Result "1/2-1/2"]
[WhiteElo "2669"]
[BlackElo "2614"]
[Annotator "Krasenkow,M"]
[PlyCount "49"]
[EventDate "2004.10.03"]
[EventType "team-swiss"]
[EventRounds "7"]
[EventCountry "TUR"]
[SourceTitle "CBM 104"]
[Source "ChessBase"]
[SourceDate "2005.01.27"]
[SourceVersion "1"]
[SourceVersionDate "2005.01.27"]
[SourceQuality "1"]
[WhiteTeam "Ekaterinburg Max Ven"]
[BlackTeam "Beer Sheva"]
[WhiteTeamCountry "RUS"]
[BlackTeamCountry "ISR"]

1. d4 Nf6 2. c4 g6 3. Nc3 d5 4. cxd5 Nxd5 5. e4 Nxc3 6. bxc3 Bg7 7. Bc4 c5 8.
Ne2 Nc6 9. Be3 O-O 10. O-O Bd7 11. Rb1 Qc7 {'!?'} 12. Bf4 Qc8 {'N' This new
idea brings fresh air to the old line.} (12... e5 13. Bg3 {is favorable for
White.}) 13. d5 (13. Bb3 cxd4 14. cxd4 e5 (14... Nxd4 $6 15. Nxd4 e5 16. Bd5)
15. dxe5 Nxe5 $11) (13. dxc5 $5 {needs tests, e.g.} Na5 14. Bb5 Bg4 15. Be3 Rd8
16. Qc2) (13. Qd3 {is harmless:} Rd8 14. Rfc1 Na5 15. Bb5 a6 16. Bxd7 Qxd7 17.
Qg3 Rac8 18. h3 Nc4 19. Be3 b5 {0-1 Kolly,J-Avrukh,B/Biel 2002/EXT 2003 (27)})
13... Na5 14. Bd3 e5 15. Bg3 c4 16. Bc2 b6 {A typical position has arisen,
quite solid for Black.} 17. Qd2 Nb7 18. f4 f6 19. Kh1 Nd6 20. Ng1 Qd8 21. fxe5
fxe5 22. Nf3 {'=' ... Rest of the game score is distorted.} Rc8 23. Rf2 h6 24.
Rbf1 Qe7 25. h3 1/2-1/2